000 01626nam a2200361 i 4500
001 bg
003 BPK
005 20210204135009.0
008 001103s1998 pl ab |100 0 pol
015 _aPB 2001/3905
020 _a8387424471
040 _aWA N
_cBPK
041 0 _apol
_beng
080 _a628.1
080 _a628.32
080 _a(06)
111 2 _aSympozjum Szkoleniowo-Naukowe pt.: Znaczenie procesów jednostkowych w technologii oczyszczania wody i ścieków
_d(1998 ;
_cKoszalin / Ustronie Morskie).
245 1 0 _aSzkoła jakości wody :
_bSympozjum szkoleniowo-naukowe pt.: Znaczenie procesów jednostkowych w technologii oczyszczania wody i ścieków, Koszalin - Ustronie Morskie 27-30 maja 1998 r. : zbiór referatów na prawach publikacji /
_cred. Anna M. Anielak.
246 1 8 _aSzkoła Jakości Wody '98.
260 _aKoszalin :
_bWydaw. Uczelniane PK,
_c1998.
300 _a334 s. :
_b1 mapa, il. ;
_c24 cm.
504 _aBibliogr. przy ref.
521 8 _aMateriały konferencyjne Wydz. Budownictwa i Inżynierii Środowiska.
546 _aStreszcz. ang.
650 4 _aOczyszczalnia ścieków
650 4 _aUzdatnianie wody
655 4 _aMateriały konferencyjne
710 2 _aPolitechnika Koszalińska.
_bWydawnictwo Uczelniane.
_4pbl.
700 1 _aAnielak, Anna Maria
_d(1952- )
_eRedakcja
856 _uhttp://koha.tu.koszalin.pl/cgi-bin/koha/opac-detail.pl?biblionumber=33601
_yKatalog online BPK
856 _uhttp://dlibra.tu.koszalin.pl/dlibra/docmetadata?id=574&from=&dirids=1&ver_id=&lp=2&QI=
_yBiblioteka Cyfrowa
942 _2UKD
_cKS
999 _c33601
_d33601